00510nam a22001817a 450000500170000001000140001702000230003103500130005403700130006708200110008010000180009124500580010926000490016727000610021630000220027765000190029965000100031820100809151259.0 aENG-99119 a8181500806c290.00 aEN-82651 bDBAD/PUB a954.96 aKapoor, B. L. aNepal :ban historical perspective /cby B. L. Kapoor aNew DelhibAravali Book International c2008 aW-30, Okhla Industrial Area, Phase-IIbNew Delhie110020 a112p.c22cm (pbk) aKings & Rulers zNepal